| 000 | 00360nam a22001457a 4500 | ||
|---|---|---|---|
| 082 |
_aM803 _bDIV/P |
||
| 100 | _aDivya Shaji | ||
| 245 |
_aPokkuvaravukal/ _cby Divya Shaji |
||
| 260 |
_aKottayam: _bKnowledge Tree Publications, _c2016. |
||
| 300 | _a55p. | ||
| 650 | _aMemoirs Malayalam | ||
| 650 | _aLiterature Malayalam | ||
| 650 | _aLiterature | ||
| 942 | _cBK | ||
| 999 |
_c67904 _d67904 |
||